Pre nás i budúce generácie Zvýšiť starostlivosť o životné prostredie v Prievidzkom okrese

Bibliographic Details
Main Author: Koma, Dušan (Author)
Format: Article
Language:Slovak
Subjects:

MARC

LEADER 00000nab a2200000 a 4500
001 vtls000013301
003 SK-MaSNL
005 20260304225524.0
008 111103c1978 xo 0 slo
015 |a SNBRB19rr/mm-uuuuu 
035 |a CL0023395 
040 |a SNKBUCL  |b slo  |c SNKBUCL  |e AACR2 
041 0 |a slo 
044 |a xo  |c SK 
080 |a 502  |2 1981 
100 1 |a Koma, Dušan  |4 aut  |9 1001107 
245 1 0 |a Pre nás i budúce generácie  |b Zvýšiť starostlivosť o životné prostredie v Prievidzkom okrese  |c Dušan Koma 
650 0 7 |a životné prostredie  |2 snkbucl  |9 786 
651 7 |a 5308  |2 snkbucl  |9 279395 
655 7 |a články z novín a časopisov  |2 snkbucl  |9 267496 
773 0 |t Smer  |g Roč. 30, č. 294 (13. 12. 1978), s. 5 
850 |a Slovenská národná knižnica v Martine  |a MTA001 
852 |a SNK  |b KIS3GCP 
958 |a RK 
992 |a RBX 
999 |c 3178024  |d 3179954